LEADER 00982nam0-2200337 --450 001 9910283146703321 005 20180911082032.0 010 $a978-88-15-26426-8 020 $aIT$b2017-5398 100 $a20180911d2017----kmuy0itay5050 ba 101 1 $aita$ceng 102 $aIT 105 $a 001yy 200 1 $a<>guerra del Pacifico$fDouglas Ford 210 $aBologna$cIl mulino$d2017 215 $a385 p.$cill.$d23 cm 225 1 $aBiblioteca storica 300 $aTraduzione di Francesco Francis 300 $aEdizione italiana a cura di Gastone Breccia 610 0 $aGuerra mondiale 1939-1945$aOceano Pacifico 676 $a940.5426$v23$zita 700 1$aFord,$bDouglas$0751679 702 1$aFrancis,$bFrancesco 702 1$aBreccia,$bGastone 801 0$aIT$bUNINA$gREICAT$2UNIMARC 901 $aBK 912 $a9910283146703321 952 $aXIV B 2679$b307/2018$fFSPBC 959 $aFSPBC 996 $aGuerra del Pacifico$91511139 997 $aUNINA LEADER 03417nam 22007574a 450 001 9910960185403321 005 20251116175603.0 010 $a1-134-30831-0 010 $a1-134-30832-9 010 $a1-280-05982-6 010 $a0-203-69321-3 010 $a0-203-42040-3 024 7 $a10.4324/9780203420409 035 $a(CKB)1000000000250178 035 $a(EBL)198380 035 $a(OCoLC)299570297 035 $a(SSID)ssj0000297243 035 $a(PQKBManifestationID)11245386 035 $a(PQKBTitleCode)TC0000297243 035 $a(PQKBWorkID)10333572 035 $a(PQKB)10398423 035 $a(Au-PeEL)EBL198380 035 $a(CaPaEBR)ebr10094373 035 $a(CaONFJC)MIL5982 035 $a(OCoLC)958102905 035 $a(MiAaPQ)EBC198380 035 $a(PPN)198451644 035 $a(EXLCZ)991000000000250178 100 $a20040324d2005 uy 0 101 0 $aeng 135 $aur|n|---||||| 181 $ctxt 182 $cc 183 $acr 200 00$aGender and civil society $etranscending boundaries /$fedited by Jude Howell and Diane Mulligan 205 $a1st ed. 210 $aLondon ;$aNew York $cRoutledge$d2005 215 $a1 online resource (276 p.) 225 1 $aRoutledge advances in international relations and global politics 300 $aDescription based upon print version of record. 311 08$a0-415-42969-2 311 08$a0-415-33574-4 320 $aIncludes bibliographical references and index. 327 $aGender, civil society and women's movements in Central and Eastern Europe / Barbara Einhorn and Charlie Sever -- Women's organisations and civil society in China: making a difference / Jude Howell -- Women in movement: transformations in African political landscapes / Aili Mari Tripp -- Gender and civil society in the Middle East / Nadje S. Al-Ali -- The discourse of Dangdut: gender and civil society in Indonesia / Diane Mulligan -- Chilean feminism(s) in the 1990s: paradox of an unfinished transition / Marcela Rios-Tobar -- The impact of feminist civil society and political alliances on gender policies in Mexico / Linda S. Stevenson -- The dimensions and policy impact of feminist civil society: democratic policy-making on violence against women in the fifty US States / S. Laurel Weldon -- Who is the real civil society?: women's groups versus pro-family groups at the International Criminal Court negotiations / Marlies Glasius. 330 $aThis book not only draws together the concepts of gender and civil society, but also adopts an international perspective, highlighting the diverse trajectories of women organizing in different country contexts and the historical, cultural and 410 0$aRoutledge advances in international relations and global politics. 606 $aWomen in public life 606 $aWomen in community organization 606 $aCivil society 606 $aFeminist theory 615 0$aWomen in public life. 615 0$aWomen in community organization. 615 0$aCivil society. 615 0$aFeminist theory. 676 $a305.42 686 $a89.06$2bcl 686 $a89.62$2bcl 701 $aHowell$b Jude$0292124 701 $aMulligan$b Diane$01880853 801 0$bMiAaPQ 801 1$bMiAaPQ 801 2$bMiAaPQ 906 $aBOOK 912 $a9910960185403321 996 $aGender and civil society$94495047 997 $aUNINA